000 00393nam a2200169Ia 4500
005 20251020182611.0
008 200515s9999 xx 000 0 und d
082 _aSC/658.11/N35
110 _aOIT
245 0 _aDesarrollo de pequeñas empresas: políticas y programas
260 _aGinebra
260 _c1978
300 _a254
650 _aEMPRESAS
650 _aPUB OIT
942 _cLIB
999 _c3345
_d3345